Bütün eserleri II ; (Record no. 14385)

MARC details
000 -BAŞLIK
Sabit Uzunlukta Kontrol Alanı 00679nam a22002297a 4500
999 ## - SİSTEM KONTROL NUMARALARI (KOHA)
Koha Biblionumber 14385
Koha Biblioitemnumber 14385
003 - KONTROL NUMARASI IDENTIFIER
Denetim Alanı MIRAKIL
005 - SON İŞLEM TARİHİ VE ZAMANI
Denetim Alanı 20210527134512.0
008 - SABİT-BOY VERİ ELEMANLARI - GENEL BİLGİLER
Sabit Uzunlukta Kontrol Alanı 210527b tu ||||| |||| 00| 0 tur d
020 ## - ULUSLARARASI STANDART KİTAP NUMARASI
Uluslararası Standart Kitap Numarası 9786050381832(2.c.)
040 ## - KATALOGLAMA KAYNAK
Orijinal Kataloglama Ajansı TR-AnCHP
Metne Dönüştürmek Ajansı TR-AnCHP
041 ## - DİL KODU
Metin / Ses Parça Veya Ayrı Başlığın Dil Kodu tur
082 ## - DEWEY ONLU SINIFLANDIRMA NUMARASI
Sınıflandırma Numarası 891.73
Ürün Numarası Ç33b 2020
100 ## - ANA GİRİŞ - KİŞİSEL İSİM
Kişisel Ad Çehov, Anton
245 10 - BAŞLIK TABLOSU
Başlık Bütün eserleri II ;
Başlığın Kalan 1883/
Sorumluluk Tablosu, Vb Anton Çehov ; çeviren Uğur Büke
260 ## - YAYIN, DAĞITIM, VB
Yayın, Dağıtım, Vb Yeri İstanbul:
Yayıncı, Dağıtıcı, Vs Adı Alfa Yayıncılık,
Yayın, Dağıtım, Vb Tarihi 2020.
300 ## - FİZİKSEL TANIM
Kapsam 408 s.:
Boyutlar 20 sm.
490 ## - SERİSİ TABLOSU
Seri Beyanı Alfa Yayıncılık;
-- Alfa Klasik;
Hacim / Ardışık Tanımı 3827.
-- 165.
650 #0 - KONU KATMA GİRİŞ - TOPİKAL DÖNEM
9 (RLIN) 5112
Topikal Süreli Veya Coğrafi Ad Giriş Elemanı Rus Edebiyatı
Genel Alt Bölümü Öykü
700 ## - KATMA GİRİŞ - KİŞİSEL İSİM
9 (RLIN) 6372
Kişisel Ad Büke, Uğur
Relator Terim çev.
942 ## - EKLENDİ GİRİŞ ELEMANLARI (KOHA)
Sınıflandırma Veya Raf Düzeni Kaynak Dewey Decimal Classification
Koha Öğesi Türü Books
999 ## - SİSTEM KONTROL NUMARALARI (KOHA)
Koha Biblioitemnumber 14385
Holdings
Kalıcı Konum Mevcut Konum Edinme Tarihi Toplam Check-Out'Lar Tam Çağrı Numarası Barkod Tarih Son Görülme Kopya Sayısı İtibaren Geçerli Fiyatlar Sigara Kamu Notu Koha Öğesi Türü
CHP Kütüphanesi CHP Kütüphanesi 05/27/2021   891.73 Ç33b 2020 019866 05/27/2021 c.2 05/27/2021 Kemal Kılıçdaroğlu bağışıdır. Books